000
00336nam a2200133Ia 4500
008
231129s9999||||xx |||||||||||||| ||spa||
020
_a
950-742-787-2
040
_b
spa
082
_a
A863 A543a
100
_a
Andahazi Federico
245
0
_a
El anatomista
264
_a
Planeta
942
_2
ddc
_c
BKS
999
_c
10191
_d
10191